En marche vers un idéal social : Homme, individu, citoyen (notice n° 1548763)

détails MARC
000 -LEADER
fixed length control field 01031cam a2200133 4500500
005 - DATE AND TIME OF LATEST TRANSACTION
control field 20251012042358.0
041 ## - LANGUAGE CODE
Language code of text/sound track or separate title fre
042 ## - AUTHENTICATION CODE
Authentication code dc
100 10 - MAIN ENTRY--PERSONAL NAME
Personal name Dalla Piazza, Serge
Relator term author
245 00 - TITLE STATEMENT
Title En marche vers un idéal social : Homme, individu, citoyen
260 ## - PUBLICATION, DISTRIBUTION, ETC.
Name of publisher, distributor, etc. L'Harmattan,<br/>
Date of publication, distribution, etc. 2005.<br/>
520 ## - SUMMARY, ETC.
Summary, etc. Ce livre décrit le trajet sinueux et complexe de la formation des organisations poussées par des idées de solidarité, d’égalité, d’équité et de croyance démocratique. Il révèle les freins de concepts plus anciens: charité, aide, assistance et corporatisme. Il montre comment s’est réalisée la démocratie sociale à travers le réseau des services psychosociaux. Il met en scène un modèle constructiviste fondé sur une culture de la citoyenneté. L’Association, qui en est le cadre, s’est voulue une alternative communautaire, un modèle de la désinstitutionnalisation.
856 41 - ELECTRONIC LOCATION AND ACCESS
Uniform Resource Identifier <a href="https://shs.cairn.info/en-marche-vers-un-ideal-social--9782747589888?lang=fr&redirect-ssocas=7080">https://shs.cairn.info/en-marche-vers-un-ideal-social--9782747589888?lang=fr&redirect-ssocas=7080</a>

Pas d'exemplaire disponible.

PLUDOC

PLUDOC est la plateforme unique et centralisée de gestion des bibliothèques physiques et numériques de Guinée administré par le CEDUST. Elle est la plus grande base de données de ressources documentaires pour les Étudiants, Enseignants chercheurs et Chercheurs de Guinée.

Adresse

627 919 101/664 919 101

25 boulevard du commerce
Kaloum, Conakry, Guinée

Réseaux sociaux

Powered by Netsen Group @ 2025